Evropské marketingové prostředí

Salvato in:
Dettagli Bibliografici
Autore principale: Foret, Miroslav
Altri autori: Šašinka, Oldřich, Procházka, Petr
Natura: Libro
Lingua:ceco
Pubblicazione: Praha Computer Press 1999
Serie:Business books
Evropská unie
Soggetti:
Tags: Aggiungi Tag
Nessun Tag, puoi essere il primo ad aggiungerne!!

MARC

LEADER 00000nam a2200000 4500
001 c117515
005 20221102135148.2
020 |a 80-7226-203-3 
041 0 |a cze 
044 |a CZ 
245 1 0 |a Evropské marketingové prostředí  |c Miroslav Foret, Oldřich Šašinka, Petr Procházka 
264 1 |a Praha  |b Computer Press  |c 1999 
300 |a 100 s. 
490 1 |a Business books 
830 0 |a Business books 
490 1 |a Evropská unie 
830 0 |a Evropská unie 
610 2 0 |a prostredie ekonomické 
610 2 0 |a trh 
610 2 0 |a globalizácia hospodárstva 
610 2 0 |a Európska únia 
610 2 0 |a súťaž hospodárska 
610 2 0 |a úpravy právne 
610 2 0 |a Česko 
610 2 0 |a koncepcie 
610 2 0 |a marketing 
610 2 0 |a bilancia obchodná 
610 2 0 |a spotrebitelia 
610 2 0 |a predajne 
610 2 0 |a supermarkety 
610 2 0 |a tovar 
610 2 0 |a kultúra podniková 
610 2 0 |a identita podniková 
610 2 0 |a imidž 
610 2 0 |a ciele podnikové 
610 2 0 |a poľnohospodárstvo 
610 2 0 |a potravinárstvo 
610 2 0 |a politika poľnohospodárska 
100 1 |a Foret, Miroslav 
700 1 |a Šašinka, Oldřich 
700 1 |a Procházka, Petr